000 00833cam a2200241 a 4500
001 1560650
005 20180301085648.0
008 920723s1993 cou b 001 0 eng
010 _a 92028614
020 _a0813315263 (alk. paper)
020 _a0813315271 (pbk. : alk. paper)
040 _aDLC
_cDLC
_dDLC
041 _aeng
080 _a321.8 SER
082 0 0 _a321.8 SER
_220
100 1 _a23
101 _aPOL
245 1 0 _aDemocracy and democratization :
_cGeorg Sørensen.
504 _aIncludes bibliographical references (p. 137-156) and index.
906 _a7
_bcbc
_corignew
_d1
_eocip
_f19
_gy-gencatlg
942 _2ddc
_cBK
999 _c43879
_d43879